Trenes / (Registro nro. 3730)
[ vista simple ]
| 000 -LEADER | |
|---|---|
| fixed length control field | 00935nam a2200241Ia 4500 |
| 003 - CONTROL NUMBER IDENTIFIER | |
| control field | OSt |
| 005 - DATE AND TIME OF LATEST TRANSACTION | |
| control field | 20200917105351.0 |
| 008 - FIXED-LENGTH DATA ELEMENTS--GENERAL INFORMATION | |
| fixed length control field | 191128s1978 ck a gr 000 0 spa d |
| 040 ## - CATALOGING SOURCE | |
| Original cataloging agency | CO-JMCR |
| Transcribing agency | CO-JMCR |
| 041 0# - LANGUAGE CODE | |
| Language code of text/sound track or separate title | spa |
| 082 04 - DEWEY DECIMAL CLASSIFICATION NUMBER | |
| Classification number | 388.472 / |
| Item number | C775t |
| Edition number | 23 |
| 100 1# - MAIN ENTRY--PERSONAL NAME | |
| Personal name | Coombs, Marshal, |
| Relator term | autor |
| 9 (RLIN) | 10336 |
| 245 10 - TITLE STATEMENT | |
| Title | Trenes / |
| Statement of responsibility, etc. | Marshal Coombs ; John Wood Ilustrador |
| 260 ## - PUBLICATION, DISTRIBUTION, ETC. | |
| Place of publication, distribution, etc. | Bogotá : |
| Name of publisher, distributor, etc. | Norma, |
| Date of publication, distribution, etc. | 1978. |
| 300 ## - PHYSICAL DESCRIPTION | |
| Extent | 48 Páginas : |
| Other physical details | Ilustraciones a color ; |
| Dimensions | 27 cm. |
| 490 0# - SERIES STATEMENT | |
| Series statement | Lo extraño y lo maravilloso |
| 500 ## - GENERAL NOTE | |
| General note | Incluye índice de ilustraciones |
| 505 0# - FORMATTED CONTENTS NOTE | |
| Formatted contents note | Los pioneros -- La revolución del tren -- La edad e oro del vapor -- Trenes de guerra -- Locomotoras extrañas -- Trenes para montañas -- Vagones para todos los gustos -- Trenes de carga -- Trenes suntuosos -- Más trenes extraños |
| 650 24 - SUBJECT ADDED ENTRY--TOPICAL TERM | |
| Topical term or geographic name entry element | Trenes |
| 9 (RLIN) | 10337 |
| 650 24 - SUBJECT ADDED ENTRY--TOPICAL TERM | |
| Topical term or geographic name entry element | Locomotoras |
| 9 (RLIN) | 10338 |
| 650 24 - SUBJECT ADDED ENTRY--TOPICAL TERM | |
| Topical term or geographic name entry element | Trenes aéreos |
| 9 (RLIN) | 10339 |
| 942 ## - ADDED ENTRY ELEMENTS (KOHA) | |
| Source of classification or shelving scheme | Dewey Decimal Classification |
| Koha item type | Books |
| Withdrawn status | Lost status | Source of classification or shelving scheme | Materials specified (bound volume or other part) | Damaged status | Not for loan | Home library | Current library | Shelving location | Date acquired | Source of acquisition | Total Checkouts | Full call number | Barcode | Date last seen | Date last checked out | Copy number | Price effective from | Koha item type |
|---|---|---|---|---|---|---|---|---|---|---|---|---|---|---|---|---|---|---|
| Dewey Decimal Classification | Donación--24/07/2018-- | Biblioteca Pública José María del Castillo y Rada | Biblioteca Pública José María del Castillo y Rada | General Stacks | 11/28/2019 | Donación | 2 | 388.472 / C775t | 201807722 | 10/02/2024 | 10/01/2024 | Ej.1 | 11/28/2019 | Books |